000 00322 a2200157 4500
001 189182
020 _a978-85-16-06708-3
040 _cMagnum
100 _aFurnari, Eva
240 1 0 _aTrudi de kiki
_lpor
245 1 0 _aTrudi de kiki
300 _a32
362 0 _a2010
697 _aLITERATURA INFANTIL
942 _cBK
999 _c189182
_d189182